Statistics for Skillet - Comatose (All Lyrics)

Click here to take the quiz!

General Stats

  • This quiz has been taken 69 times
  • The average score is 331 of 351

Answer Stats

% Correct
Don’t
100%
I
100%
To
100%
Want
100%
You
100%
An
97%
Feel
97%
Feeling
97%
Felt
97%
Hate
97%
I’m
97%
Like
97%
Live
97%
Me
97%
Never
97%
Next
97%
Of
97%
Real
97%
So
97%
This
97%
Waking
97%
And
94%
Comatose
94%
Fight
94%
Sleep
94%
The
94%
Up
94%
All
91%
Breathe
91%
Dream
91%
I’ll
91%
Make
91%
My
91%
Overdose
91%
Tired
91%
Trying
91%
Without
91%
Comfort
89%
For
89%
Is
89%
Losing
89%
Slowly
89%
Wake
89%
Way
89%
Asleep
86%
‘Cause
86%
Dreams
86%
How
86%
‘Less
86%
Living
86%
More
86%
Oh
86%
Pain
86%
Take
86%
What
86%
Your
86%
Adore
83%
In
83%
Tell
83%
That
83%
Ever
80%
Listen
80%
Missing
80%
Need
80%
Realize
80%
Touch
80%
Will
80%
Away
77%
But
77%
Dead
77%
Doubt
77%
Hide
77%
Thirst
77%
Wrong
77%
Demons
74%
Waiting
74%
Lay
71%
Tempting
71%
Eyes
69%
Life
69%
Open
66%
Breathing
60%

Score Distribution

Percentile by Number Answered

Percent of People with Each Score

Your Score History

You have not taken this quiz